000 00366nam a2200133Ia 4500
008 151213s9999 xx 000 0 und d
100 _aYoton H. Dunning
245 _aMultinational Enterprise and The Global Economy
_cYoton H. Dunning
260 _aU S A
_bThompson
_c1993
300 _a2914 p.
650 _aMarketing
700 _aYoton H. Dunning
999 _c2001
_d2001